Normal view
MARC view
Entry Corporate Name
001 - CONTROL NUMBER
- control field: 1239512
003 - CONTROL NUMBER IDENTIFIER
- control field: OSt
005 - DATE AND TIME OF LATEST TRANSACTION
- control field: 20260514122536.0
008 - FIXED-LENGTH DATA ELEMENTS
- fixed length control field: 260514|| aca||aabn | a|a d
040 ## - CATALOGING SOURCE
- Original cataloging agency: OSt
- Transcribing agency: OSt
110 ## - HEADING--CORPORATE NAME
- Corporate name or jurisdiction name as entry element: Otorhinolaryngology and Head and Neck Surgery
670 ## - SOURCE DATA FOUND
- Source citation: Work cat.: (OSt)1851478: Dr.Shruti Ranjan 1239509, Evaluation o Portman's a Technique,of Inlay Tympanoplasty in Type I Tympanoplasty a Prospective Observational Study.
